00725nam a2200157Ia 4500008004100000024006300041082001900104100009000123245003500213260002500248600002700273650003300300856010700333952011000440999001700550250506s9999 xx 000 0 und d a08B-15-EE, 08B-23-EE, 08B-24-EE, 08B-28-EE & 08B-30-EE a629.892072 MUH aMuhammad Zeeshan Mughal, Muhammad Ayaz Alam, Asad Abbas, Aun Raza & Ahsan Rashid Khan 0aMultidisciplinary Spider Robot aKarachi:bUIT,c2008 aElectronic Engineering aBachelor of Engineering (BE) uhttps://drive.google.com/file/d/1uWoYVpnbc8n9WLBktuGQF3mvopkpFWoe/view?usp=sharingyClick here for PDF 001040708PR-EEaUITUbUITUd2022-07-26l0o629.892072 MUHpEE-218r2025-05-06 11:34:14w2025-05-06yPR c27970d27970